000 00516nam a2200205Ia 4500
003 GCL
008 140319s9999 xx 000 0 eng d
040 _aGCL /
_cGCL
082 0 4 _a784.23
_bK S
100 1 _aKRUCKENBERG, SVEN
245 1 0 _aTHE SYMPHONY ORCHESTRA AND ITS INSTRUMENTS /
_cKRUCKENBERG, SVEN
260 _a[S.N] :
_bCRESCENT BOOKS ،
_c1993
300 _a236 P
650 0 4 _aSYMPHONIES
650 0 4 _aARTS
650 0 4 _aMUSIC
650 0 4 _aINSTRUMENTS
650 0 4 _aMUSICIANS
942 _2ddc
_cBK
999 _c14105
_d14105